| 000 | 02762nam a2200589Ia 4500 | ||
|---|---|---|---|
| 001 | dia_4917 | ||
| 003 | CHAP | ||
| 005 | 20240405093018.0 | ||
| 007 | ta | ||
| 008 | 220117s2010 mx abdof 001 0 spa d | ||
| 040 |
_cCHAP _amxchpua |
||
| 090 |
_aT.C.551 _bY32 IA _c2010 |
||
| 245 | 1 | 0 |
_aIntroducción a la agroindustria : _ccoordinadora Ma. Carmen Ybarra Moncada ; colaboradores Diana Karina Arellano Ojeda...[y otros] _breporte de viaje de estudios / |
| 260 |
_aMéxico : _bEl autor, _c2010 |
||
| 300 |
_a147 hojas : _bilustraciones, tablas, gráficas, mapas, fotos |
||
| 336 |
_2rdacontent _atexto _btxt |
||
| 337 |
_2rdamedia _ano mediado _bn |
||
| 338 |
_2rdacarrier _avolumen _bnc |
||
| 500 | _aGrado: 4° año Grupo: 02 | ||
| 502 |
_aViaje de estudios _b(IA) -- _cUACh. Departamento de Ingeniería Agroindustrial, _d2010 |
||
| 504 | _aBibliografía : hojas 143-144 | ||
| 505 | 0 | 0 | _tEmpresas visitadas : -- 1.Pilgrim's -- 2. Café Nogueras -- 3. Grupo Medina Torres -- 4. Rastro frigorífico y Servicios del Bajío TIF 333 -- 5. Grupo Bimbo -- 6. Grupo La Moderna -- 7. Harina La Queretana -- 8. Semillas Berentsen -- 9. Citrojugo -- 10. Congeladora Niño -- 11. Covemex -- 12. Cristalita -- 13. Sociedad Cooperativa Trabajadores de Pascual -- 14. Invernaderos El Óvalo -- 15. Cajetas La Reyna -- 16. Industrias Lactel -- 17. Grupo Modelo -- 18. Deicoco -- 19. Las Cavas Freixenet -- 20. Tequila Cazadores |
| 650 | 1 | 3 |
_aProductos del café _9150527 |
| 650 | 1 | 3 |
_aIndustria del vino _9151418 |
| 650 | 1 | 3 |
_aIndustria lechera _957819 |
| 650 | 1 | 3 |
_aGranos alimenticios _9155387 |
| 650 | 1 | 3 |
_aIndustria avícola _9157032 |
| 650 | 1 | 3 |
_aIndustria cervecera _957799 |
| 650 | 1 | 3 |
_aIndustria de los alimentos _9148659 |
| 650 | 1 | 3 |
_aIndustria de productos agrícolas _9151277 |
| 650 | 1 | 3 |
_aIndustria del ganado y de la carne _9147937 |
| 650 | 1 | 3 |
_aIndustria del huevo _9155310 |
| 650 | 1 | 3 |
_aFood industry _9148657 |
| 650 | 1 | 3 |
_aHorticultural products industry _9151427 |
| 650 | 1 | 3 |
_aLivestock and meat industry _9147938 |
| 650 | 1 | 3 |
_aFood grains _9155385 |
| 650 | 1 | 3 |
_aPoultry industry _9155311 |
| 650 | 1 | 3 |
_aWine industry _9151419 |
| 650 | 1 | 3 |
_aBrewing industry _9151423 |
| 650 | 1 | 3 |
_aCoffee products _9155323 |
| 650 | 1 | 3 |
_aDairy industry _9147068 |
| 650 | 1 | 3 |
_aEgg industry _9155308 |
| 700 | 1 |
_aYbarra Moncada, Ma. Carmen _9163649 _ecoordinadora |
|
| 700 | 1 |
_aArellano Ojeda, Diana Karina _9157036 _ecolaboradora |
|
| 856 | 4 | 2 |
_uhttp://10.13.5.2/ve/TC551IA/TC551IA2010-REPORTE.pdf _yDESCARGAR REPORTE |
| 901 | _aT.C.551 Y32 IA 2010 | ||
| 902 | _aM | ||
| 905 | _a5232272010 mx amnl8223223322spa16 | ||
| 942 | _2local | ||
| 942 | _cVE | ||
| 999 |
_c175716 _d175716 |
||